Statistics for Pokémon with the Ability Chlorophyll

Click here to take the quiz!

General Stats

  • This quiz has been taken 15 times
  • The average score is 29 of 35

Answer Stats

GenAnswer% Correct
IIBellossom
100%
IGloom
100%
IWeepinbell
100%
IVileplume
100%
IVictreebel
100%
IBellsprout
100%
IOddish
100%
VWhimsicott
88%
IISkiploom
88%
IIJumpluff
88%
VCottonee
88%
VLilligant
88%
VPetilil
88%
IExeggcute
88%
IBulbasaur
75%
IVCherubi
75%
IVenusaur
75%
IVTangrowth
75%
ITangela
75%
VSwadloon
75%
IISunkern
75%
IISunflora
75%
IExeggutor
75%
IIIShiftry
75%
IIISeedot
75%
VSawsbuck
75%
VDeerling
75%
IIINuzleaf
75%
VLeavanny
75%
IIvysaur
75%
IIHoppip
75%
VSewaddle
75%
VMaractus
63%
IIITropius
63%
IVLeafeon
63%

Score Distribution

Percentile by Number Answered

Percent of People with Each Score

Your Score History

You have not taken this quiz